000
00280nam a2200109Ia 4500
008
220216s9999 xx 000 0 und d
100
_a
Gardner Peter
245
0
_a
Analysts feel Q1 tyre demand surge is misleading
260
_b
Rubber Asia
_c
2002
300
_a
128-129
942
_c
JS
999
_c
54272
_d
54272